<?xml version="1.0" encoding="UTF-8"?>
<record
    xmlns:xsi="http://www.w3.org/2001/XMLSchema-instance"
    xsi:schemaLocation="http://www.loc.gov/MARC21/slim http://www.loc.gov/standards/marcxml/schema/MARC21slim.xsd"
    xmlns="http://www.loc.gov/MARC21/slim">

  <leader>01149nam a22002177a 4500</leader>
  <controlfield tag="008">110830t        xxu||||| |||| 00| 0 eng d</controlfield>
  <datafield tag="020" ind1=" " ind2=" ">
    <subfield code="a">0767417399 9780767417396</subfield>
  </datafield>
  <datafield tag="050" ind1=" " ind2=" ">
    <subfield code="a">B809.2 .C745  </subfield>
  </datafield>
  <datafield tag="100" ind1=" " ind2=" ">
    <subfield code="a">Greg Bassham ... [et al.].</subfield>
  </datafield>
  <datafield tag="245" ind1=" " ind2=" ">
    <subfield code="a">Critical thinking : a student's introduction</subfield>
    <subfield code="c">Greg Bassham ... [et al.].</subfield>
  </datafield>
  <datafield tag="260" ind1=" " ind2=" ">
    <subfield code="a">Boston </subfield>
    <subfield code="b">Mc Graw Hill Higher Education</subfield>
    <subfield code="c">&#xA9;2002</subfield>
  </datafield>
  <datafield tag="300" ind1=" " ind2=" ">
    <subfield code="a">xiv, 578 p. </subfield>
    <subfield code="b">ill.</subfield>
    <subfield code="c">23 cm.</subfield>
  </datafield>
  <datafield tag="500" ind1=" " ind2=" ">
    <subfield code="a">Includes index</subfield>
  </datafield>
  <datafield tag="505" ind1=" " ind2=" ">
    <subfield code="a">Contents: Introduction to critical thinking -- Recognizing arguments -- Basic logical concepts -- Language -- Logical fallacies - 1 -- Logical fallacies - 2 -- Analyzing arguments -- Evaluating arguments -- Getting deeper into logic: Categorical reasoning -- Getting deeper into logic: Propositional logic -- Inductive reasoning -- Finding, evaluating, and using sources -- Writing argumentative essays -- Thinking critically about the media -- Science and pseudoscience -- Answers to selected exercises  </subfield>
  </datafield>
  <datafield tag="650" ind1=" " ind2=" ">
    <subfield code="a">Critical thinking </subfield>
  </datafield>
  <datafield tag="650" ind1=" " ind2=" ">
    <subfield code="a">Textbooks.</subfield>
  </datafield>
  <datafield tag="700" ind1=" " ind2=" ">
    <subfield code="a">Irwin, William</subfield>
  </datafield>
  <datafield tag="700" ind1=" " ind2=" ">
    <subfield code="a">Nardone, Henry</subfield>
  </datafield>
  <datafield tag="700" ind1=" " ind2=" ">
    <subfield code="a">Wallace, James M.</subfield>
  </datafield>
  <datafield tag="942" ind1=" " ind2=" ">
    <subfield code="2">lcc</subfield>
    <subfield code="c">BK</subfield>
  </datafield>
  <datafield tag="999" ind1=" " ind2=" ">
    <subfield code="c">48</subfield>
    <subfield code="d">7548</subfield>
  </datafield>
  <datafield tag="952" ind1=" " ind2=" ">
    <subfield code="0">0</subfield>
    <subfield code="1">0</subfield>
    <subfield code="2">lcc</subfield>
    <subfield code="4">0</subfield>
    <subfield code="7">0</subfield>
    <subfield code="a">WIUC-1</subfield>
    <subfield code="b">WIUC-1</subfield>
    <subfield code="c">GEN</subfield>
    <subfield code="d">2011-08-30</subfield>
    <subfield code="l">0</subfield>
    <subfield code="o">B809.2 .C745</subfield>
    <subfield code="p">092/11</subfield>
    <subfield code="r">2011-08-30 00:00:00</subfield>
    <subfield code="t">1</subfield>
    <subfield code="w">2011-08-30</subfield>
    <subfield code="y">BK</subfield>
  </datafield>
  <datafield tag="952" ind1=" " ind2=" ">
    <subfield code="0">0</subfield>
    <subfield code="1">0</subfield>
    <subfield code="2">lcc</subfield>
    <subfield code="4">0</subfield>
    <subfield code="7">0</subfield>
    <subfield code="a">WIUC-1</subfield>
    <subfield code="b">WIUC-1</subfield>
    <subfield code="c">GEN</subfield>
    <subfield code="d">2011-08-30</subfield>
    <subfield code="l">0</subfield>
    <subfield code="o">B809.2 .C7451</subfield>
    <subfield code="p">093/11</subfield>
    <subfield code="r">2011-08-30 00:00:00</subfield>
    <subfield code="t">2</subfield>
    <subfield code="w">2011-08-30</subfield>
    <subfield code="y">BK</subfield>
  </datafield>
  <datafield tag="952" ind1=" " ind2=" ">
    <subfield code="0">0</subfield>
    <subfield code="1">0</subfield>
    <subfield code="2">lcc</subfield>
    <subfield code="4">0</subfield>
    <subfield code="7">0</subfield>
    <subfield code="a">WIUC-1</subfield>
    <subfield code="b">WIUC-1</subfield>
    <subfield code="c">GEN</subfield>
    <subfield code="d">2011-08-30</subfield>
    <subfield code="l">0</subfield>
    <subfield code="o">B809.2 .C7452</subfield>
    <subfield code="p">094/11</subfield>
    <subfield code="r">2011-08-30 00:00:00</subfield>
    <subfield code="t">3</subfield>
    <subfield code="w">2011-08-30</subfield>
    <subfield code="y">BK</subfield>
  </datafield>
  <datafield tag="952" ind1=" " ind2=" ">
    <subfield code="0">0</subfield>
    <subfield code="1">0</subfield>
    <subfield code="2">lcc</subfield>
    <subfield code="4">0</subfield>
    <subfield code="7">0</subfield>
    <subfield code="a">WIUC-1</subfield>
    <subfield code="b">WIUC-1</subfield>
    <subfield code="c">GEN</subfield>
    <subfield code="d">2011-08-30</subfield>
    <subfield code="l">0</subfield>
    <subfield code="o">B809.2 .C7453</subfield>
    <subfield code="p">095/11</subfield>
    <subfield code="r">2011-08-30 00:00:00</subfield>
    <subfield code="t">4</subfield>
    <subfield code="w">2011-08-30</subfield>
    <subfield code="y">BK</subfield>
  </datafield>
  <datafield tag="952" ind1=" " ind2=" ">
    <subfield code="0">0</subfield>
    <subfield code="1">0</subfield>
    <subfield code="2">lcc</subfield>
    <subfield code="4">0</subfield>
    <subfield code="7">0</subfield>
    <subfield code="a">WIUC-1</subfield>
    <subfield code="b">WIUC-1</subfield>
    <subfield code="c">GEN</subfield>
    <subfield code="d">2011-08-30</subfield>
    <subfield code="l">0</subfield>
    <subfield code="o">B809.2 .C7454</subfield>
    <subfield code="p">096/11</subfield>
    <subfield code="r">2011-08-30 00:00:00</subfield>
    <subfield code="t">5</subfield>
    <subfield code="w">2011-08-30</subfield>
    <subfield code="y">BK</subfield>
  </datafield>
  <datafield tag="952" ind1=" " ind2=" ">
    <subfield code="0">0</subfield>
    <subfield code="1">0</subfield>
    <subfield code="2">lcc</subfield>
    <subfield code="4">0</subfield>
    <subfield code="7">0</subfield>
    <subfield code="a">WIUC-1</subfield>
    <subfield code="b">WIUC-1</subfield>
    <subfield code="c">GEN</subfield>
    <subfield code="d">2011-08-30</subfield>
    <subfield code="l">0</subfield>
    <subfield code="o">B809.2 .C7455</subfield>
    <subfield code="p">097/11</subfield>
    <subfield code="r">2011-08-30 00:00:00</subfield>
    <subfield code="t">6</subfield>
    <subfield code="w">2011-08-30</subfield>
    <subfield code="y">BK</subfield>
  </datafield>
  <datafield tag="952" ind1=" " ind2=" ">
    <subfield code="0">0</subfield>
    <subfield code="1">0</subfield>
    <subfield code="2">lcc</subfield>
    <subfield code="4">0</subfield>
    <subfield code="7">0</subfield>
    <subfield code="a">WIUC-1</subfield>
    <subfield code="b">WIUC-1</subfield>
    <subfield code="c">GEN</subfield>
    <subfield code="d">2011-08-30</subfield>
    <subfield code="l">0</subfield>
    <subfield code="o">B809.2 .C7456</subfield>
    <subfield code="p">098/11</subfield>
    <subfield code="r">2011-08-30 00:00:00</subfield>
    <subfield code="t">7</subfield>
    <subfield code="w">2011-08-30</subfield>
    <subfield code="y">BK</subfield>
  </datafield>
  <datafield tag="952" ind1=" " ind2=" ">
    <subfield code="0">0</subfield>
    <subfield code="1">0</subfield>
    <subfield code="2">lcc</subfield>
    <subfield code="4">0</subfield>
    <subfield code="7">0</subfield>
    <subfield code="a">WIUC-1</subfield>
    <subfield code="b">WIUC-1</subfield>
    <subfield code="c">GEN</subfield>
    <subfield code="d">2011-08-30</subfield>
    <subfield code="l">0</subfield>
    <subfield code="o">B809.2 .C7457</subfield>
    <subfield code="p">099/11</subfield>
    <subfield code="r">2011-08-30 00:00:00</subfield>
    <subfield code="t">8</subfield>
    <subfield code="w">2011-08-30</subfield>
    <subfield code="y">BK</subfield>
  </datafield>
  <datafield tag="952" ind1=" " ind2=" ">
    <subfield code="0">0</subfield>
    <subfield code="1">0</subfield>
    <subfield code="2">lcc</subfield>
    <subfield code="4">0</subfield>
    <subfield code="7">0</subfield>
    <subfield code="a">WIUC-1</subfield>
    <subfield code="b">WIUC-1</subfield>
    <subfield code="c">GEN</subfield>
    <subfield code="d">2011-08-30</subfield>
    <subfield code="l">0</subfield>
    <subfield code="o">B809.2 .C7458</subfield>
    <subfield code="p">100/11</subfield>
    <subfield code="r">2011-08-30 00:00:00</subfield>
    <subfield code="t">9</subfield>
    <subfield code="w">2011-08-30</subfield>
    <subfield code="y">BK</subfield>
  </datafield>
  <datafield tag="952" ind1=" " ind2=" ">
    <subfield code="0">0</subfield>
    <subfield code="1">0</subfield>
    <subfield code="2">lcc</subfield>
    <subfield code="4">0</subfield>
    <subfield code="7">0</subfield>
    <subfield code="a">WIUC-1</subfield>
    <subfield code="b">WIUC-1</subfield>
    <subfield code="c">GEN</subfield>
    <subfield code="d">2011-08-30</subfield>
    <subfield code="l">0</subfield>
    <subfield code="o">B809.2 .C7459</subfield>
    <subfield code="p">101/11</subfield>
    <subfield code="r">2011-08-30 00:00:00</subfield>
    <subfield code="t">10</subfield>
    <subfield code="w">2011-08-30</subfield>
    <subfield code="y">BK</subfield>
  </datafield>
</record>
